|
|
|
|
| LEADER |
00965nta a2200241 i 4500 |
| 001 |
dokt11539 |
| 005 |
20230911114420.0 |
| 008 |
221111s2023 hu om 0|| hun d |
| 024 |
7 |
|
|a 10.14232/phd.11539
|2 doi
|
| 024 |
7 |
|
|a 33775789
|2 mtmt
|
| 040 |
|
|
|a SZTE Doktori Repozitórium
|b hun
|
| 041 |
|
|
|a hun
|
| 100 |
1 |
|
|a Kolcsár Ronald András
|
| 245 |
1 |
0 |
|a Városi lakosság zöldfelület ellátottságának értékelése geoinformatikai módszerekkel
|h [elektronikus dokumentum] /
|c Kolcsár Ronald András
|
| 260 |
|
|
|c 2023-03-14
|
| 502 |
|
|
|a Disszertacio
|
| 650 |
|
4 |
|a földtudományok
|
| 650 |
|
4 |
|a Természetföldrajz
|
| 650 |
|
4 |
|a Térinformatika, térképészet
|
| 650 |
|
4 |
|a Környezettudomány
|
| 700 |
1 |
|
|a Szilassi Péter
|e ths
|
| 856 |
4 |
0 |
|u https://doktori.bibl.u-szeged.hu/id/eprint/11539/1/disszertacio_Kolcsar_20221110.pdf
|z Dokumentum-elérés
|
| 856 |
4 |
0 |
|u https://doktori.bibl.u-szeged.hu/id/eprint/11539/4/tezisfuzet_Kolcsar_20221110.pdf
|z Dokumentum-elérés
|